00687nam a2200217 i 4500001000400000100003900004245010300043260005300146300002900199490001800228500004200246650002300288650001200311700002700323740002900350830001800379020001500397040000800412041000800420008004100428bgj1 aLEWIS, Clive Staplesd(1898-1963).10aThe Horse and His Boy /cC. S. Lewis ; with pictures adapted from illustrations by Pauline Baynes. aNew York :bMacmillan Publishing Company,c1970. a217 pp :bill. ;c18 cm.1 aCollier Books aBook 5 in "The Chronicles of Narnia". 9aChildren's stories 9aFantasy1 aBAYNES, Pauline.eill.02aThe Chronicles of Narnia aCollier Books a0020442009 cBPK0 aeng s uk f |000 0 eng